COMPARISON OF SOME SOIL-ECOLOGICAL AND PHYTOCOENOLOGICAL PROPERTIES OF SECONDARY PINE AND SPRUCE FORESTS IN THE SLOVENSKÉ RUDOHORIE MOUNTAINS

Bibliographic Details
Main Authors: Šomšák, Ladislav, 1932-2005 (Author), Vykouková, Ivana (Author), Juráni, Bohdan, 1940- (Author), Kromka, Miroslav, 1962- (Author), Kopcová, Alica (Author), Košútová, Katarína (Author)
Format: Article
Language:Slovak
English

MARC

LEADER 00000nab a2200000 a 4500
001 vtls010728014
003 SK-MaSNL
005 20260305001726.0
008 250709s2003 xo |||||||||||||||||slo|
035 |a (urnnbn)urn:nbn:sk:snk:ar-a051n4 
035 |a (uuid)18983d95-f929-46cb-89a6-24db8c6648bf 
035 |a urn:nbn:sk:snk-ab3rcg 
040 |a SNKBUCL  |b slo  |c SNKBUCL  |e AACR2 
041 0 |a eng 
044 |a xo  |c SK 
100 1 |a Šomšák, Ladislav,  |d 1932-2005  |4 aut  |9 125323 
245 1 0 |a COMPARISON OF SOME SOIL-ECOLOGICAL AND PHYTOCOENOLOGICAL PROPERTIES OF SECONDARY PINE AND SPRUCE FORESTS IN THE SLOVENSKÉ RUDOHORIE MOUNTAINS  |c Ladislav Šomšák, Ivana Vykouková, Bohdan Juráni, Miroslav Kromka, Alica Kopcová, Katarína Košútová 
700 1 |a Vykouková, Ivana  |4 aut  |9 12575 
700 1 |a Juráni, Bohdan,  |d 1940-  |4 aut  |9 125429 
700 1 |a Kromka, Miroslav,  |d 1962-  |4 aut  |9 194279 
700 1 |a Kopcová, Alica  |4 aut  |9 797210 
700 1 |a Košútová, Katarína  |4 aut  |9 1577264 
773 0 |t Phytopedon (Bratislava) : journal of soil science  |g Roč. 2, č. 1 (2003), s. 27-33 
850 |a Slovenská národná knižnica 
852 |a Slovenská národná knižnica 
958 |a article1 
958 |a OND 
958 |a EUIPO 
999 |c 3220949  |d 3222879